000 00833nam a2200265Ia 4500
003 OSt
005 20251105114622.0
008 210210b2003 xxu||||| |||| 00| 0 eng d
020 _a8187321946
040 _cAL
041 _aKannada
082 _aK894.2 VENK
100 _aVENKATESHA MURTI (H S)
_d ಎಚ್.ಎಸ್. ವೆಂಕಟೇಶಮೂರ್ತಿ
_9244054
245 _aKamsayana Urmila manthara: Muru natakagalu
_bಕಂಸಾಯನ ಊರ್ಮಿಳಾ ಮಂಥರಾ: ಮೂರು ನಾಟಕಗಳು
260 _aBengaluru
_bAnkita Pustaka
_c2003
300 _a166
650 _aUrmila
_9244055
650 _anatakagalu
_9244056
650 _aMuru
_9244057
650 _amanthara
_9244058
650 _aKamsayana
_9244059
690 _aKannada Drama
_9244060
906 _a061819
942 _2ddc
_cBK
999 _c115910
_d115910